Is it a song by Rush, or something from the Game of Thrones universe? - Statistics

General Stats
  • This quiz has been taken 10 times
    9 since last reset
  • The average score is 14 of 20
Answer Stats
Question Answer % Correct
Rivendell Rush Song
100%
Cold Fire Rush Song
100%
Children of the Forest Game of Thrones universe
86%
Lord of the Bones Game of Thrones universe
86%
The Red Temple of Volantis Game of Thrones universe
86%
By-tor and the Snow Dog Rush Song
86%
The Temples of Syrinx Rush Song
86%
Red Barchetta Rush Song
86%
A Farewell to Kings Rush Song
86%
The Necromancer Rush Song, but arguably, both
86%
A Feast for Crows Game of Thrones universe
71%
Mountains of the Moon Game of Thrones universe
57%
Flame of Truth Game of Thrones universe
57%
Son of the Sea Wind Game of Thrones universe
57%
Century of Blood Game of Thrones universe
57%
Age of Heroes Game of Thrones universe
57%
The Fountain of Lamneth Rush Song
57%
Broon's Bane Rush Song
57%
The Citadel of the Empire of the Dawn Game of Thrones universe
43%
Seven Cities of Gold Rush Song
43%
No matching quizzes found
Score Distribution
Percent of People with Each Score
Percentile by Number Answered
Your Score History
You have not taken this quiz since the last reset